000
00254nam a22001217a 4500
040
_c
PT
082
_a
568 KEN 1991 C 281
100
_a
KEN IRONS
245
_a
Turning strategy into action
260
_a
Korea
_b
Ken Irons
300
_a
136p;
942
_c
EK
999
_c
11128
_d
11128